Statystyki dla Największe miasta w województwie podkarpackim

Kliknij tutaj aby rozwiązać quiz!

Ogólne statystyki

  • Ten quiz został rozwiązany 473 razy
  • Średni wynik to 13 z 20

Statystyki odpowiedzi

LpPopulacjaOdpowiedź% Poprawnych
1194.886Rzeszów
100%
260.999Przemyśl
93%
646.369Krosno
90%
460.366Mielec
85%
937.381Sanok
84%
546.907Tarnobrzeg
81%
745.634Dębica
80%
360.799Stalowa Wola
80%
837.585Jarosław
77%
1035.063Jasło
77%
1117.709Łańcut
61%
1513.853Leżajsk
56%
199.097Ustrzyki Dolne
55%
1415.324Nisko
53%
1315.356Przeworsk
52%
1215.836Ropczyce
49%
209.075Kolbuszowa
48%
1712.018Lubaczów
43%
1612.357Sędziszów Małopolski
42%
1811.152Nowa Dęba
25%

Rozkład punktacji

Percentyl według liczby udzielonych odpowiedzi

Procent ludzi z każdym wynikiem

Twoja historia wyników

Nie rozwiązałeś tego quizu